Samayakkondsuḷḷu. (Record no. 82987)

MARC details
000 -LEADER
fixed length control field 00661cam a22002531 4500
001 - CONTROL NUMBER
control field sa 68009557
003 - CONTROL NUMBER IDENTIFIER
control field DLC
005 - DATE AND TIME OF LATEST TRANSACTION
control field 20260227112543.0
008 - FIXED-LENGTH DATA ELEMENTS--GENERAL INFORMATION
fixed length control field 861105s1966 ii 000 0 kanx
010 ## - LIBRARY OF CONGRESS CONTROL NUMBER
LC control number sa 68009557
020 ## - INTERNATIONAL STANDARD BOOK NUMBER
Terms of availability Rs1.50
025 ## - OVERSEAS ACQUISITION NUMBER
Overseas acquisition number PL480:I-Kan-1104
035 ## - SYSTEM CONTROL NUMBER
System control number (OCoLC)15302448
040 ## - CATALOGING SOURCE
Original cataloging agency DLC
Transcribing agency NN
Modifying agency DLC
042 ## - AUTHENTICATION CODE
Authentication code premarc
050 00 - LIBRARY OF CONGRESS CALL NUMBER
Classification number PL4659.S86
Item number S2
100 1# - MAIN ENTRY--PERSONAL NAME
Personal name Subbanarasimha, K. S.,
Dates associated with a name 1930-
245 10 - TITLE STATEMENT
Title Samayakkondsuḷḷu.
Statement of responsibility, etc. [Lēkhaka] Ke. Es. Subbanarasimha.
250 ## - EDITION STATEMENT
Edition statement [1st ed.]
260 ## - PUBLICATION, DISTRIBUTION, ETC.
Place of publication, distribution, etc. Maisūru,
Name of publisher, distributor, etc. Suruci Prakāśana
Date of publication, distribution, etc. [1966]
300 ## - PHYSICAL DESCRIPTION
Extent 80 p.
Dimensions 19 cm.
500 ## - GENERAL NOTE
General note In Kannada.
500 ## - GENERAL NOTE
General note A play.

No items available.

Powered by Koha